[Event "ESP-chT CECLUB Div2"]
[Site "Linares"]
[Date "2014.08.21"]
[Round "5.2"]
[White "Capel Fernandez, Manuel"]
[Black "Ladron de Guevara Pinto, Paolo"]
[Result "0-1"]
[WhiteElo "1894"]
[BlackElo "2355"]
[PlyCount "64"]
[EventDate "2014.08.18"]
[EventType "team-swiss"]
[EventRounds "6"]
[EventCountry "ESP"]
[SourceTitle "CBM 162 Extra"]
[Source "ChessBase"]
[SourceDate "2014.10.17"]
[SourceVersion "1"]
[SourceVersionDate "2014.10.17"]
[SourceQuality "1"]
[WhiteTeam "Albox Reverte"]
[BlackTeam "Nazari CC"]
[WhiteTeamCountry "ESP"]
[BlackTeamCountry "ESP"]

1. e4 e6 2. d4 d5 3. Nc3 Be7 4. Bd3 dxe4 5. Nxe4 Nf6 6. Nf3 Nbd7 7. Nxf6+ Nxf6 8. Qe2 0-0 9. Bg5 c5 10. dxc5 Qa5+ 11. c3 Qxc5 12. 0-0 Rd8 13. Rfe1 Bd7 14. Ne5 Be8 15. c4 h6 16. Bd2 Qb6 17. b4 Qc7 18. Bc3 b5 19. c5 Nd5 20. Bd2 Bf6 21. f4 a5 22. a3 Ne7 23. Qe4 g6 24. Rad1 axb4 25. axb4 Ra2 26. Bc3 Bg7 27. Ba1 Nd5 28. g3 Ra4 29. Rb1 f5 30. Qe2 Nxb4 31. Red1 Qxc5+ 32. Kf1 Raa8 0-1

[Event "ESP-chT CECLUB Div2"]
[Site "Linares"]
[Date "2014.08.19"]
[Round "3.3"]
[White "Capel Fernandez, Manuel"]
[Black "Tudela Corbalan, Carlos"]
[Result "1-0"]
[WhiteElo "1894"]
[BlackElo "2189"]
[PlyCount "77"]
[EventDate "2014.08.18"]
[EventType "team-swiss"]
[EventRounds "6"]
[EventCountry "ESP"]
[SourceTitle "CBM 162 Extra"]
[Source "ChessBase"]
[SourceDate "2014.10.17"]
[SourceVersion "1"]
[SourceVersionDate "2014.10.17"]
[SourceQuality "1"]
[WhiteTeam "Albox Reverte"]
[BlackTeam "Totana"]
[WhiteTeamCountry "ESP"]
[BlackTeamCountry "ESP"]

1. e4 g6 2. d4 Bg7 3. Nc3 d6 4. Be3 Nd7 5. Qd2 a6 6. h4 Ngf6 7. f3 b5 8. 0-0-0 Bb7 9. a3 c5 10. dxc5 dxc5 11. g4 h6 12. Nh3 Qc7 13. g5 hxg5 14. Nxg5 Ne5 15. Qf2 b4 16. Nb1 Rc8 17. Rg1 a5 18. Be2 c4 19. Bb6 Qc6 20. Bd4 Qb5 21. a4 Qxa4 22. Bxe5 c3 23. bxc3 0-0 24. Qd4 Qa2 25. Rd2 bxc3 26. Nxc3 Qa3+ 27. Kb1 Nxe4 28. Ngxe4 Bxe5 29. Qxe5 Bxe4 30. Qxe4 Qxc3 31. Rd5 Rb8+ 32. Bb5 Rb6 33. Rgg5 Rfb8 34. Ka2 e6 35. Rc5 Qf6 36. h5 Qe7 37. hxg6 f6 38. Rh5 Qd6 39. Qh4 1-0

[Event "ESP-chT CECLUB Div2"]
[Site "Linares"]
[Date "2014.08.18"]
[Round "1.7"]
[White "Capel Fernandez, Manuel"]
[Black "Jordan Arenas, Manuel"]
[Result "0-1"]
[WhiteElo "1894"]
[BlackElo "2148"]
[PlyCount "61"]
[EventDate "2014.08.18"]
[EventType "team-swiss"]
[EventRounds "6"]
[EventCountry "ESP"]
[SourceTitle "CBM 162 Extra"]
[Source "ChessBase"]
[SourceDate "2014.10.17"]
[SourceVersion "1"]
[SourceVersionDate "2014.10.17"]
[SourceQuality "1"]
[WhiteTeam "Albox Reverte"]
[BlackTeam "Mislata"]
[WhiteTeamCountry "ESP"]
[BlackTeamCountry "ESP"]

1. d4 d5 2. c4 c6 3. Nf3 Nf6 4. e3 Bf5 5. Nc3 e6 6. Nh4 Be4 7. f3 Bg6 8. Nxg6 hxg6 9. Bd2 Be7 10. Be2 Qc7 11. g3 Nbd7 12. cxd5 Nxd5 13. Kf2 Nxc3 14. bxc3 Bd6 15. Kg2 e5 16. Qb3 Rd8 17. a4 Nf6 18. e4 Qc8 19. Be3 Qh3+ 20. Kf2 0-0 21. Qxb7 Nh5 22. Qxc6 exd4 23. Bxd4 Bxg3+ 24. hxg3 Qxg3+ 25. Ke3 Qf4+ 26. Kd3 Rd6 27. Qc5 Rfd8 28. Rag1 Ng3 29. Rh3 Nxe2 30. Kxe2 Rb8 31. Rgh1 0-1

[Event "Almeria 2nd"]
[Site "Almeria"]
[Date "2007.??.??"]
[Round "6"]
[White "Galindo Rodriguez, Francisco"]
[Black "Capel Fernandez, Manuel"]
[Result "1/2-1/2"]
[WhiteElo "2204"]
[BlackElo "1892"]
[PlyCount "27"]
[EventDate "2007.12.06"]
[EventType "tourn"]
[EventRounds "9"]
[EventCountry "ESP"]
[SourceTitle "CBM 121 Extra"]
[Source "ChessBase"]
[SourceDate "2008.01.10"]
[SourceVersion "1"]
[SourceVersionDate "2008.01.10"]
[SourceQuality "1"]

1. e4 c5 2. Nf3 d6 3. c4 e5 4. Nc3 g6 5. Be2 Nc6 6. d3 Bg7 7. a3 Nge7 8. Rb1 a5 9. 0-0 0-0 10. Bd2 Nd4 11. Nxd4 exd4 12. Nd5 Nxd5 13. cxd5 f5 14. f4 1/2-1/2

[Event "Almeria 2nd"]
[Site "Almeria"]
[Date "2007.??.??"]
[Round "4"]
[White "Rivas Pastor, Manuel"]
[Black "Capel Fernandez, Manuel"]
[Result "1-0"]
[WhiteElo "2511"]
[BlackElo "1892"]
[PlyCount "91"]
[EventDate "2007.12.06"]
[EventType "tourn"]
[EventRounds "9"]
[EventCountry "ESP"]
[SourceTitle "CBM 121 Extra"]
[Source "ChessBase"]
[SourceDate "2008.01.10"]
[SourceVersion "1"]
[SourceVersionDate "2008.01.10"]
[SourceQuality "1"]

1. e4 e5 2. Nf3 Nc6 3. Bb5 a6 4. Ba4 Nf6 5. 0-0 Be7 6. Bxc6 dxc6 7. d3 Nd7 8. Nbd2 0-0 9. Nc4 f6 10. Nh4 Re8 11. f4 Bf8 12. f5 a5 13. Rf3 Nc5 14. Be3 Qd7 15. Qe1 Qf7 16. Nxa5 Bd7 17. Nb3 Na4 18. Rb1 c5 19. Nc1 c4 20. b3 cxb3 21. axb3 Nc5 22. Rf1 Ra6 23. Nf3 Ra3 24. Ne2 Rea8 25. Nd2 Bc6 26. Nc4 Ra2 27. Qc3 b5 28. Nb2 b4 29. Qe1 Qe8 30. Nc1 R2a5 31. Nc4 Rb5 32. Ne2 Ra2 33. Qd1 Rb7 34. Ra1 Rba7 35. Rxa2 Rxa2 36. Nc1 Ra1 37. Qd2 Kh8 38. Ne2 Ra2 39. Rb1 Qa8 40. Nc1 Ra6 41. Qe1 Bb5 42. h3 Nd7 43. Kh2 Nc5 44. Bd2 Ra1 45. Rxa1 Qxa1 46. Bxb4 1-0